| 000 | 00419nam a22001697a 4500 | ||
|---|---|---|---|
| 999 |
_c23251 _d23251 |
||
| 003 | NUST | ||
| 020 | _a9788131207260 | ||
| 038 | _aNusrat Nadeem | ||
| 082 | _a004.22 | ||
| 100 |
_aJOHN L. HENNESSY AND DAVID A. PATTERSON _921460 |
||
| 245 | _aCOMPUTER ARCHITECTURE: A QUANTITY APPROACH | ||
| 250 | _a4TH ED. | ||
| 260 |
_aINDIA _bELSEVIER _c2007 |
||
| 300 | _a423 | ||
| 538 | _iSupercomputing Lab | ||
| 942 |
_cBK _2ddc |
||